000 00452nam a2200181Ia 4500
005 20250423094933.0
008 250422s9999 xx 000 0 und d
020 _a9789789792030
050 _aKP 93 .O3/
100 _aOdinakaonye,Legi
245 0 _aCriminal justice Administration in Nigeria
260 _a Abuja
260 _bNulia
260 _c2019
300 _a203 p
650 _acriminal justice administration in Nigeria
942 _cBK
999 _c28746
_d28746